The Cambridge History of Chinese Literature: From 1375 : (Record no. 602414)

MARC details
000 -LEADER
fixed length control field 00548nam a2200193 a 4500
008 - FIXED-LENGTH DATA ELEMENTS--GENERAL INFORMATION
fixed length control field 251211s2010##################000#0#eng##
020 ## - INTERNATIONAL STANDARD BOOK NUMBER
ISBN 9780521855594
082 04 - DEWEY DECIMAL CLASSIFICATION NUMBER
Classification number 895.109CHA.2
100 1# - MAIN ENTRY--AUTHOR NAME
Personal name Chang, Kang-i Sun,
245 10 - TITLE STATEMENT
Title The Cambridge History of Chinese Literature: From 1375 :
260 ## - PUBLICATION, DISTRIBUTION, ETC. (IMPRINT)
Name of publisher Cambridge University Press,
Year of publication 2010.
300 ## - PHYSICAL DESCRIPTION
Number of Pages 830 pages
650 #0 - SUBJECT ADDED ENTRY--TOPICAL TERM
Topical Term Literary Criticism.
942 ## - ADDED ENTRY ELEMENTS (KOHA)
Koha item type English Books
Holdings
Withdrawn status Lost status Damaged status Not for loan Home library Current library Date acquired Full call number Accession Number Price effective from Koha item type
        Anna Centenary Library Anna Centenary Library 13.12.2025 895.109CHA.2 205380 13.12.2025 English Books

Find us on the map